[Event "TUR-chT 1st League"]
[Site "Konya"]
[Date "2018.07.22"]
[Round "9.1"]
[White "Tikvesli, Ceylin"]
[Black "Citak, Tuana Umay"]
[Result "1/2-1/2"]
[WhiteElo "1663"]
[BlackElo "1687"]
[PlyCount "103"]
[EventDate "2018.07.16"]
[EventType "team-swiss"]
[EventRounds "9"]
[EventCountry "TUR"]
[SourceTitle "EXT 2019"]
[Source "ChessBase"]
[SourceDate "2018.10.10"]
[SourceVersion "1"]
[SourceVersionDate "2018.10.10"]
[SourceQuality "1"]
[WhiteTeam "Manisa Turkuaz"]
[BlackTeam "Sertel Genclik"]
[WhiteTeamCountry "TUR"]
[BlackTeamCountry "TUR"]

1. e4 c5 2. Nf3 d6 3. d4 cxd4 4. Nxd4 Nf6 5. f3 g6 6. c4 Bg7 7. Nc3 Nc6 8. Be3 Bd7 9. Be2 Nxd4 10. Bxd4 Bc6 11. 0-0 0-0 12. Qd2 Nd7 13. b4 Bxd4+ 14. Qxd4 b6 15. f4 Nf6 16. Qe3 Rc8 17. Rfd1 Qe8 18. a4 Nd7 19. a5 Rb8 20. Rdb1 Qd8 21. axb6 axb6 22. Ra2 Ra8 23. Rba1 Rxa2 24. Rxa2 Re8 25. Qd4 Qc7 26. Nd5 Qb8 27. g3 h6 28. Bd3 f6 29. f5 g5 30. Be2 Kf8 31. h4 Qb7 32. hxg5 hxg5 33. Qf2 Bxd5 34. exd5 Kg7 35. Qe3 Ne5 36. Qa3 Rc8 37. Qa7 Rb8 38. Qxb7 Rxb7 39. Ra6 Kf7 40. Kf2 Ke8 41. Ke3 Kd7 42. Kd4 Kc7 43. Ra8 Nf7 44. Bd1 Rb8 45. Ra7+ Rb7 46. Ra6 Ne5 47. Be2 Rb8 48. Ra7+ Rb7 49. Ra1 Rb8 50. Ra7+ Rb7 51. Ra8 Nf7 52. Bd1 1/2-1/2

[Event "TUR-chT 1st League"]
[Site "Konya"]
[Date "2018.07.21"]
[Round "8.2"]
[White "Citak, Tuana Umay"]
[Black "Saim, Sida"]
[Result "0-1"]
[WhiteElo "1687"]
[BlackElo "1691"]
[PlyCount "74"]
[EventDate "2018.07.16"]
[EventType "team-swiss"]
[EventRounds "9"]
[EventCountry "TUR"]
[SourceTitle "EXT 2019"]
[Source "ChessBase"]
[SourceDate "2018.10.10"]
[SourceVersion "1"]
[SourceVersionDate "2018.10.10"]
[SourceQuality "1"]
[WhiteTeam "Sertel Genclik"]
[BlackTeam "Berk Tugra Caliskan"]
[WhiteTeamCountry "TUR"]
[BlackTeamCountry "TUR"]

1. e4 c5 2. Nf3 d6 3. d4 cxd4 4. Nxd4 Nf6 5. Nc3 a6 6. Bg5 Qb6 7. Rb1 Nbd7 8. Be2 e6 9. Qd2 Qc7 10. f4 Be7 11. Bf3 h6 12. Bxf6 Bxf6 13. Rd1 Rb8 14. Nde2 Be7 15. Nd4 b5 16. a3 Bb7 17. Bh5 0-0 18. Bf3 Nb6 19. 0-0 Nc4 20. Qc1 Nxa3 21. g4 Rbc8 22. Rf2 Nc4 23. Nce2 Qc5 24. Kg2 Bf6 25. Rd3 b4 26. Rf1 e5 27. Nf5 exf4 28. Qxf4 Bg5 29. Qg3 Ne3+ 30. Nxe3 Bxe3 31. Qxd6 Qxd6 32. Rxd6 Rxc2 33. Rd7 Bc6 34. Rd3 Bb6 35. Rb3 a5 36. Re1 Bb5 37. Kf1 Bc4 0-1

[Event "TUR-chT 1st League"]
[Site "Konya"]
[Date "2018.07.18"]
[Round "4.2"]
[White "Citak, Tuana Umay"]
[Black "Saglamer, Aysen"]
[Result "1/2-1/2"]
[WhiteElo "1687"]
[BlackElo "1541"]
[PlyCount "99"]
[EventDate "2018.07.16"]
[EventType "team-swiss"]
[EventRounds "9"]
[EventCountry "TUR"]
[SourceTitle "EXT 2019"]
[Source "ChessBase"]
[SourceDate "2018.10.10"]
[SourceVersion "1"]
[SourceVersionDate "2018.10.10"]
[SourceQuality "1"]
[WhiteTeam "Sertel Genclik"]
[BlackTeam "Denizli Metin Surmeli"]
[WhiteTeamCountry "TUR"]
[BlackTeamCountry "TUR"]

1. d4 d5 2. Bf4 c5 3. c3 Nc6 4. e3 Bf5 5. Nf3 Qb6 6. Qc1 c4 7. Nbd2 Nf6 8. h3 h6 9. Be2 e6 10. Bd1 Ne4 11. Bc2 Nxd2 12. Nxd2 Bxc2 13. Qxc2 f5 14. Nf3 g5 15. Bh2 Be7 16. Rb1 Rc8 17. Ne5 Bf6 18. Nf3 Qa6 19. Ra1 b5 20. Qd2 Qb7 21. a3 Na5 22. Qc2 Nb3 23. Rd1 a5 24. Nd2 a4 25. Nf3 Na5 26. Be5 Qg7 27. Bxf6 Qxf6 28. Ne5 Nb7 29. Ke2 Nd6 30. f3 Rf8 31. Qd2 Nf7 32. Nxf7 Rxf7 33. Rdf1 f4 34. Re1 Kd7 35. Kd1 Qg6 36. Qc2 Qf6 37. e4 Kc6 38. Re2 Re7 39. Rhe1 Rce8 40. Qd2 Kd7 41. Qc2 h5 42. Rf1 h4 43. Rfe1 Qf7 44. exd5 exd5 45. Rxe7+ Rxe7 46. Rxe7+ Kxe7 47. Qe2+ Qe6 48. Qxe6+ Kxe6 49. Ke2 Kf5 50. Kf2 1/2-1/2

[Event "TUR-ch (Women)"]
[Site "Antalya"]
[Date "2018.03.08"]
[Round "6"]
[White "Citak, Tuana Umay"]
[Black "Kocyigit, Buse Naz"]
[Result "0-1"]
[WhiteElo "1710"]
[BlackElo "1827"]
[PlyCount "94"]
[EventDate "2018.03.05"]
[EventType "swiss"]
[EventRounds "9"]
[EventCountry "TUR"]
[SourceTitle "CBM 183 Extra"]
[Source "ChessBase"]
[SourceDate "2018.04.19"]
[SourceVersion "1"]
[SourceVersionDate "2018.04.19"]
[SourceQuality "1"]

1. e4 e5 2. Nf3 d6 3. d4 exd4 4. Nxd4 Nf6 5. Nc3 Be7 6. Be2 0-0 7. 0-0 Re8 8. Re1 Bf8 9. Bf1 a6 10. Bg5 h6 11. Bf4 Nbd7 12. Nf3 Ng4 13. h3 Nge5 14. Nxe5 dxe5 15. Be3 Bb4 16. Bd2 Nf6 17. Bd3 Be6 18. a3 Bc5 19. Ne2 Nh5 20. Nc3 Nf4 21. Bxf4 exf4 22. Qf3 Qh4 23. Nd5 Bxd5 24. exd5 Qf6 25. c3 Re5 26. Re4 Rae8 27. Rae1 Rxe4 28. Rxe4 Rxe4 29. Qxe4 g6 30. Kf1 Qb6 31. Qe2 f3 32. gxf3 Qd6 33. Kg2 Qxd5 34. Qe4 Qg5+ 35. Kf1 Qc1+ 36. Qe1 Qxb2 37. Bc4 Kf8 38. Kg2 Qc2 39. h4 Qf5 40. Qd2 Kg7 41. a4 Be7 42. Qd4+ Bf6 43. Qe3 Bxh4 44. Kf1 Bg5 45. Qd4+ Bf6 46. Qe3 h5 47. Bb3 Qb1+ 0-1

[Event "TUR-ch (Women)"]
[Site "Antalya"]
[Date "2018.03.06"]
[Round "2"]
[White "Citak, Tuana Umay"]
[Black "Ozturk Orenli, Kubra"]
[Result "0-1"]
[WhiteElo "1710"]
[BlackElo "2293"]
[PlyCount "68"]
[EventDate "2018.03.05"]
[EventType "swiss"]
[EventRounds "9"]
[EventCountry "TUR"]
[SourceTitle "CBM 183 Extra"]
[Source "ChessBase"]
[SourceDate "2018.04.19"]
[SourceVersion "1"]
[SourceVersionDate "2018.04.19"]
[SourceQuality "1"]

1. e4 e5 2. Nf3 Nc6 3. Bc4 Bc5 4. c3 Nf6 5. d3 a6 6. Bb3 Ba7 7. Nbd2 d6 8. 0-0 0-0 9. Re1 Na5 10. Bc2 c5 11. b3 Nc6 12. Nf1 h6 13. h3 b5 14. Ne3 b4 15. c4 Nd4 16. Nd5 Nxd5 17. cxd5 Nb5 18. Bb2 f5 19. Rf1 Qf6 20. Rc1 Bd7 21. Bb1 Rf7 22. Nd2 Raf8 23. Nc4 Qh4 24. f3 fxe4 25. dxe4 Bxh3 26. Rc2 Bc8 27. Rd2 g5 28. Qe1 Qf4 29. Rdf2 Qg3 30. Qe2 Rf4 31. Qe3 Rh4 32. Rd2 g4 33. Bc2 Qh2+ 34. Kf2 Rxf3+ 0-1

[Event "World School-ch U15 Girls"]
[Site "Sochi"]
[Date "2016.12.09"]
[Round "7"]
[White "Citak, Tuana Umay"]
[Black "Harshini, A."]
[Result "0-1"]
[WhiteElo "1469"]
[BlackElo "1944"]
[PlyCount "108"]
[EventDate "2016.12.03"]
[EventType "swiss"]
[EventRounds "9"]
[EventCountry "RUS"]
[SourceTitle "EXT 2018"]
[Source "ChessBase"]
[SourceDate "2017.10.13"]
[SourceVersion "1"]
[SourceVersionDate "2017.10.13"]
[SourceQuality "1"]

1. e4 e5 2. Nf3 Nc6 3. Bc4 Bc5 4. c3 Nf6 5. d3 a6 6. a4 d6 7. 0-0 0-0 8. Na3 Bg4 9. Nc2 d5 10. exd5 Nxd5 11. Qe2 Re8 12. Be3 Nf4 13. Qd1 Bd6 14. Bxf4 exf4 15. d4 Qf6 16. Be2 Ne7 17. Nce1 Nf5 18. Nd3 Nh4 19. Nfe5 Bxe2 20. Qxe2 f3 21. Qe4 fxg2 22. Rfe1 c5 23. Re3 c4 24. Nf4 Bxe5 25. dxe5 Qxe5 26. Qxc4 Qf5 27. Nxg2 Nxg2 28. Kxg2 Rxe3 29. fxe3 Qc2+ 30. Kh1 Qxb2 31. Rf1 Rf8 32. Rd1 Qf2 33. Qe4 h6 34. Rb1 Rd8 35. Qxb7 Rd2 36. Qb8+ Kh7 37. Qg3 Qf5 38. Re1 Qe4+ 39. Kg1 Qxa4 40. Qf3 Qh4 41. Re2 Rd1+ 42. Kg2 Qg5+ 43. Qg3 Qxg3+ 44. hxg3 Rc1 45. Ra2 Rxc3 46. Kf2 Rc6 47. Kf3 Kg6 48. e4 Kf6 49. Kf4 g5+ 50. Kg4 Ke5 51. Kf3 Kd4 52. Ra5 Rf6+ 53. Ke2 Kxe4 54. Ra4+ Kd5 0-1

[Event "World School-ch U15 Girls"]
[Site "Sochi"]
[Date "2016.12.05"]
[Round "3"]
[White "Citak, Tuana Umay"]
[Black "Antova, Gabriela"]
[Result "0-1"]
[WhiteElo "1469"]
[BlackElo "2182"]
[PlyCount "108"]
[EventDate "2016.12.03"]
[EventType "swiss"]
[EventRounds "9"]
[EventCountry "RUS"]
[SourceTitle "EXT 2018"]
[Source "ChessBase"]
[SourceDate "2017.10.13"]
[SourceVersion "1"]
[SourceVersionDate "2017.10.13"]
[SourceQuality "1"]

1. e4 c5 2. c3 Nf6 3. e5 Nd5 4. d4 cxd4 5. Nf3 Nc6 6. cxd4 d6 7. Bc4 dxe5 8. dxe5 Nb6 9. Qxd8+ Nxd8 10. Bb5+ Bd7 11. Nc3 a6 12. Bxd7+ Nxd7 13. 0-0 g6 14. Bf4 Bg7 15. Rad1 h6 16. h3 Nc6 17. Rfe1 Nc5 18. a3 0-0 19. Rd5 Ne6 20. Bg3 Rfd8 21. Red1 Rxd5 22. Rxd5 Rd8 23. Rxd8+ Nexd8 24. Ne2 Ne6 25. Nc1 Nc5 26. Kf1 h5 27. Ke2 Bh6 28. Nd3 Ne6 29. h4 Kf8 30. Nd2 Ncd4+ 31. Kd1 Nf5 32. Ne4 Nxg3 33. fxg3 Be3 34. Kc2 Ke8 35. Kc3 Kd7 36. Kc4 b5+ 37. Kb4 Kc6 38. Nc3 Bb6 39. Ne2 Kd5 40. Nef4+ Nxf4 41. gxf4 Kd4 42. Nc1 Ke3 43. Nb3 Kxf4 44. Nc5 Bxc5+ 45. Kxc5 Kxe5 46. Kb6 Kd5 47. Kxa6 e5 48. Kxb5 e4 49. a4 e3 50. a5 e2 51. a6 e1Q 52. b4 Qe8+ 53. Kb6 Qb8+ 54. Ka5 Kc4 0-1

[Event "TUR-chT2"]
[Site "Konya"]
[Date "2016.07.21"]
[Round "7.7"]
[White "Citak, Tuana Umay"]
[Black "Dursun, Poyraz"]
[Result "1-0"]
[WhiteElo "1552"]
[BlackElo "1690"]
[PlyCount "87"]
[EventDate "2016.07.17"]
[EventType "team-swiss"]
[EventRounds "9"]
[EventCountry "TUR"]
[SourceTitle "CBM 173 Extra"]
[Source "ChessBase"]
[SourceDate "2016.08.29"]
[SourceVersion "1"]
[SourceVersionDate "2016.08.29"]
[SourceQuality "1"]
[WhiteTeam "Ankara Orta Dogu"]
[BlackTeam "Denizli Pamukkale Uni"]
[WhiteTeamCountry "TUR"]
[BlackTeamCountry "TUR"]

1. e4 c5 2. c3 g6 3. d4 cxd4 4. cxd4 d5 5. exd5 Nf6 6. h3 Nxd5 7. Nf3 Bg7 8. Bc4 0-0 9. 0-0 Nc6 10. Be3 b6 11. Nc3 Nc7 12. Re1 e6 13. Qd2 Bb7 14. Rad1 Na5 15. Be2 Nd5 16. Bh6 Rc8 17. Bxg7 Kxg7 18. Ne5 h6 19. Nb5 a6 20. Nc3 b5 21. Rc1 Nc6 22. Nxc6 Bxc6 23. a3 Qh4 24. Nxd5 Bxd5 25. a4 Bc6 26. axb5 Bxb5 27. Bxb5 axb5 28. Rc3 Rcd8 29. Rd3 Rd5 30. Re5 Rfd8 31. Rxd5 Rxd5 32. Kf1 e5 33. dxe5 Qc4 34. Ke2 Rxe5+ 35. Kf1 Qa2 36. f3 b4 37. Rd4 b3 38. Qc3 Qa1+ 39. Kf2 Qa7 40. Kg3 Rc5 41. Rc4+ Kf8 42. Rxc5 Qb6 43. Rc8+ Ke7 44. Qc7+ 1-0

[Event "TUR-chT2"]
[Site "Konya"]
[Date "2016.07.21"]
[Round "8.8"]
[White "Ipeker, Melda"]
[Black "Citak, Tuana Umay"]
[Result "1-0"]
[WhiteElo "1507"]
[BlackElo "1552"]
[PlyCount "85"]
[EventDate "2016.07.17"]
[EventType "team-swiss"]
[EventRounds "9"]
[EventCountry "TUR"]
[SourceTitle "CBM 173 Extra"]
[Source "ChessBase"]
[SourceDate "2016.08.29"]
[SourceVersion "1"]
[SourceVersionDate "2016.08.29"]
[SourceQuality "1"]
[WhiteTeam "Ordu Azdur"]
[BlackTeam "Ankara Orta Dogu"]
[WhiteTeamCountry "TUR"]
[BlackTeamCountry "TUR"]

1. d4 e6 2. c4 f5 3. Nf3 Nf6 4. Nc3 d5 5. e3 c6 6. Be2 Bd6 7. h3 Nbd7 8. Nh2 Ne4 9. Nxe4 fxe4 10. Bd2 Nf6 11. a3 Bd7 12. Bb4 Bxb4+ 13. axb4 0-0 14. c5 a6 15. Nf1 Qc7 16. Nd2 Rf7 17. Qa4 Raf8 18. Qa5 Qb8 19. 0-0-0 Bc8 20. Qa4 Rc7 21. Qc2 b6 22. g4 bxc5 23. bxc5 a5 24. g5 Ne8 25. f3 exf3 26. Nxf3 Ra7 27. Ne5 Qc7 28. Bd3 g6 29. Rdf1 Ng7 30. Rxf8+ Kxf8 31. Rf1+ Nf5 32. h4 Kg7 33. Bxf5 gxf5 34. h5 Bd7 35. Rg1 Be8 36. h6+ Kh8 37. g6 hxg6 38. Nxg6+ Bxg6 39. Rxg6 Qc8 40. Qg2 Qe8 41. Rg7 Re7 42. Qg5 Rd7 43. Qf6 1-0

[Event "TUR-chT2"]
[Site "Konya"]
[Date "2015.07.28"]
[Round "5.5"]
[White "Citak, Tuana Umay"]
[Black "Esti, Kubra Selenay"]
[Result "1-0"]
[WhiteElo "1491"]
[BlackElo "1566"]
[PlyCount "101"]
[EventDate "2015.07.25"]
[EventType "team-swiss"]
[EventRounds "9"]
[EventCountry "TUR"]
[SourceTitle "CBM 167 Extra"]
[Source "ChessBase"]
[SourceDate "2015.09.14"]
[SourceVersion "1"]
[SourceVersionDate "2015.09.14"]
[SourceQuality "1"]
[WhiteTeam "Ankara Odtu"]
[BlackTeam "Antalya Deniz Genclik"]
[WhiteTeamCountry "TUR"]
[BlackTeamCountry "TUR"]

1. e4 c5 2. c3 g6 3. d4 cxd4 4. cxd4 d5 5. e5 Bg7 6. Nc3 Nc6 7. Bb5 a6 8. Bxc6+ bxc6 9. Be3 Qa5 10. Qd2 Rb8 11. Nge2 h5 12. 0-0 Nh6 13. b3 Nf5 14. Na4 Qxd2 15. Bxd2 f6 16. f4 Bh6 17. Rfd1 fxe5 18. fxe5 Ne3 19. Rdc1 Bg4 20. Ng3 h4 21. Nf1 Nxf1 22. Bxh6 Rxh6 23. Kxf1 g5 24. Rc3 Rb4 25. Rd3 Bf5 26. Rd2 h3 27. g3 a5 28. Rc1 Rb5 29. Rc5 Kd7 30. Rd1 Rxc5 31. Nxc5+ Kc7 32. Rc1 Kb6 33. Ke2 Bc8 34. Kd2 g4 35. Rf1 Rh7 36. Rf4 Kb5 37. a3 Kb6 38. e6 Rh6 39. Rxg4 Bxe6 40. Rh4 Rxh4 41. gxh4 Bg4 42. Nd3 Bf5 43. h5 Kc7 44. Ne5 Bh7 45. Nf3 Kd6 46. Ng5 Bg8 47. h6 c5 48. dxc5+ Kxc5 49. h7 Bxh7 50. Nxh7 Kd4 51. Ng5 1-0

[Event "TUR-chT2"]
[Site "Konya"]
[Date "2015.07.28"]
[Round "6.7"]
[White "Yassibag, Ipek Asli"]
[Black "Citak, Tuana Umay"]
[Result "1-0"]
[WhiteElo "1624"]
[BlackElo "1491"]
[PlyCount "79"]
[EventDate "2015.07.25"]
[EventType "team-swiss"]
[EventRounds "9"]
[EventCountry "TUR"]
[SourceTitle "CBM 167 Extra"]
[Source "ChessBase"]
[SourceDate "2015.09.14"]
[SourceVersion "1"]
[SourceVersionDate "2015.09.14"]
[SourceQuality "1"]
[WhiteTeam "Hatay Samandag"]
[BlackTeam "Ankara Odtu"]
[WhiteTeamCountry "TUR"]
[BlackTeamCountry "TUR"]

1. c4 e5 2. Nc3 Nf6 3. g3 d5 4. cxd5 Nxd5 5. Bg2 Nb6 6. Nf3 Nc6 7. 0-0 Be7 8. d3 0-0 9. Be3 Be6 10. a3 a5 11. Rc1 f5 12. Na4 Nxa4 13. Qxa4 Bf6 14. Qb5 Rb8 15. Nd2 Bd7 16. Bxc6 Bxc6 17. Qxa5 Ra8 18. Qc5 g5 19. Qc4+ Kh8 20. b4 Rc8 21. b5 Bd5 22. Qc2 b6 23. Nc4 Qd7 24. a4 f4 25. Bd2 Qh3 26. f3 fxg3 27. hxg3 Qxg3+ 28. Kh1 g4 29. e4 Qh3+ 30. Kg1 gxf3 31. Bg5 Bxg5 32. Qh2 Be3+ 33. Nxe3 Rg8+ 34. Kh1 Qxh2+ 35. Kxh2 Bb3 36. Rxf3 Bxa4 37. Nd5 Rgf8 38. Rxf8+ Rxf8 39. Nxc7 Bb3 40. Rc6 1-0

[Event "TUR-chT2"]
[Site "Konya"]
[Date "2015.07.27"]
[Round "4.4"]
[White "Incecik, Seyma Zeynep"]
[Black "Citak, Tuana Umay"]
[Result "1-0"]
[WhiteElo "1514"]
[BlackElo "1491"]
[PlyCount "109"]
[EventDate "2015.07.25"]
[EventType "team-swiss"]
[EventRounds "9"]
[EventCountry "TUR"]
[SourceTitle "CBM 167 Extra"]
[Source "ChessBase"]
[SourceDate "2015.09.14"]
[SourceVersion "1"]
[SourceVersionDate "2015.09.14"]
[SourceQuality "1"]
[WhiteTeam "Burdur Callica"]
[BlackTeam "Ankara Odtu"]
[WhiteTeamCountry "TUR"]
[BlackTeamCountry "TUR"]

1. e4 e6 2. Nf3 d5 3. d3 Nc6 4. Nbd2 Nf6 5. e5 Nd7 6. d4 Be7 7. a3 a5 8. Bd3 Ncb8 9. 0-0 c5 10. c3 Nc6 11. Re1 cxd4 12. cxd4 Qb6 13. Qa4 f6 14. exf6 Nxf6 15. Bb5 0-0 16. Bxc6 bxc6 17. Ne5 c5 18. Ndf3 Ne4 19. Be3 Bd6 20. Nd3 Rb8 21. dxc5 Nxc5 22. Bxc5 Bxc5 23. Rac1 Be7 24. Nd4 Bf6 25. Nc6 Ra8 26. b4 Bd7 27. Ne7+ Bxe7 28. Qxd7 Ra7 29. Qxe6+ Qxe6 30. Rxe6 axb4 31. axb4 Rb7 32. Re5 Bxb4 33. Nxb4 Rxb4 34. Rxd5 Rfb8 35. g3 Rb1 36. Rxb1 Rxb1+ 37. Kg2 Kf7 38. Rd6 Ke7 39. Ra6 Rb3 40. h3 Kf7 41. g4 g5 42. h4 gxh4 43. Rh6 Kg7 44. Rxh4 h6 45. Rh5 Kg6 46. Rf5 Rb4 47. f3 Rb2+ 48. Kg3 Rb3 49. Re5 Kf6 50. Rf5+ Kg6 51. Re5 Kf6 52. Re4 Kg5 53. Re6 Rb4 54. f4+ Rxf4 55. Re5+ 1-0